Connie / (Record no. 24959)
[ view plain ]
| 000 -LEADER | |
|---|---|
| fixed length control field | 00901cam a2200265Ia 4500 |
| 001 - CONTROL NUMBER | |
| control field | conniebent00bent |
| 003 - CONTROL NUMBER IDENTIFIER | |
| control field | CaSfIA |
| 005 - DATE AND TIME OF LATEST TRANSACTION | |
| control field | 20230525155319.0 |
| 007 - PHYSICAL DESCRIPTION FIXED FIELD--GENERAL INFORMATION | |
| fixed length control field | cr|||| |
| 008 - FIXED-LENGTH DATA ELEMENTS--GENERAL INFORMATION | |
| fixed length control field | 830414s1982 nju 000 1 eng d |
| 010 ## - LIBRARY OF CONGRESS CONTROL NUMBER | |
| LC control number | 2006594221 |
| 040 ## - CATALOGING SOURCE | |
| Original cataloging agency | WIM |
| Transcribing agency | WIM |
| Modifying agency | DLC |
| -- | OCLCG |
| -- | CaSfIA |
| 020 ## - INTERNATIONAL STANDARD BOOK NUMBER | |
| International Standard Book Number | 0800784294 : |
| Terms of availability | $2.95 |
| 020 ## - INTERNATIONAL STANDARD BOOK NUMBER | |
| International Standard Book Number | 9780800784294 |
| 035 ## - SYSTEM CONTROL NUMBER | |
| System control number | (OCoLC)9409914 |
| 029 1# - OTHER SYSTEM CONTROL NUMBER (OCLC) | |
| OCLC library identifier | AU@ |
| System control number | 000041119576 |
| 100 1# - MAIN ENTRY--PERSONAL NAME | |
| Personal name | Benton, John, |
| Dates associated with a name | 1933- |
| 245 10 - TITLE STATEMENT | |
| Title | Connie / |
| Medium | [electronic resource] |
| Statement of responsibility, etc. | John Benton. |
| 260 ## - PUBLICATION, DISTRIBUTION, ETC. | |
| Place of publication, distribution, etc. | Old Tappan, N.J. : |
| Name of publisher, distributor, etc. | New Hope Books, |
| Date of publication, distribution, etc. | c1982. |
| 300 ## - PHYSICAL DESCRIPTION | |
| Extent | 185 p. ; |
| Dimensions | 18 cm. |
| 655 #7 - INDEX TERM--GENRE/FORM | |
| Genre/form data or focus term | Young adult fiction. |
| Source of term | lcsh |
| 655 #7 - INDEX TERM--GENRE/FORM | |
| Genre/form data or focus term | Religious fiction. |
| Source of term | lcsh |
| 856 41 - ELECTRONIC LOCATION AND ACCESS | |
| Uniform Resource Identifier | <a href="http://www.archive.org/details/conniebent00bent">http://www.archive.org/details/conniebent00bent</a> |
| Public note | Free eBook from the Internet Archive |
| 856 42 - ELECTRONIC LOCATION AND ACCESS | |
| Uniform Resource Identifier | <a href="http://www.openlibrary.org/books/OL11203762M">http://www.openlibrary.org/books/OL11203762M</a> |
| Public note | Additional information and access via Open Library |
| Withdrawn status | Lost status | Damaged status | Not for loan | Collection | Home library | Current library | Date acquired | Total Checkouts | Date last seen | Price effective from | Koha item type |
|---|---|---|---|---|---|---|---|---|---|---|---|
| Project Gutenberg | Main Library | Main Library | 05/25/2023 | 05/25/2023 | 05/25/2023 | EBooks |